Servei Local de Teleassistència : [més] autonomia per a les persones [més] autonomia per a les persones
Publicado:
Barcelona :
Diputació de Barcelona. Àrea d'Atenció a les Persones. Gerència de Serveis de Benestar Social ,
2013
Descripción Física:
1 díptic : il. col. ; 30 cm
MARC
| LEADER | 00000nam a2200000Ia 4500 | ||
|---|---|---|---|
| 001 | 24200 | ||
| 008 | 160829s2013 xx 000 0 cat d | ||
| 080 | |a FU-63-25 | ||
| 245 | |a Servei Local de Teleassistència : |b [més] autonomia per a les persones | ||
| 260 | |a Barcelona : |b Diputació de Barcelona. Àrea d'Atenció a les Persones. Gerència de Serveis de Benestar Social, |c 2013 | ||
| 300 | |a 1 díptic : |b il. col. ; |c 30 cm | ||
| 650 | 0 | |a Persones grans |x Atenció domiciliària |z Barcelona (Catalunya : Província) |9 50379 | |
| 710 | 1 | |a Barcelona (Catalunya : Província). |b Gerència de Serveis de Benestar Social |9 52907 | |
| 901 | |a Arxiu | ||
| 942 | |n 1 | ||
| 952 | |0 0 |1 0 |4 0 |6 FU6325 |7 1 |9 56000 |a Arxiu |b Arxiu |d 2016-12-01 |l 0 |o FU-63-25 |p 24200 |r 2016-12-01 00:00:00 |w 2016-12-01 |y ARXIU | ||
| 999 | |c 59874 |d 59874 | ||